|
|
|
|
| LEADER |
01062nam a2200325 4500 |
| 001 |
DLU090091608 |
| 005 |
##20091201 |
| 040 |
# |
# |
|a DLU
|b eng
|
| 041 |
# |
# |
|a eng
|
| 044 |
# |
# |
|a us
|
| 100 |
# |
# |
|a Burnes, Brian S.
|
| 245 |
# |
# |
|a Design and application of two rapid screening techniques for isolation of mn(IV) reduction-deficient mutants of shewanella putrefaciens /
|c Brian S. Burnes, Michael J. Mulberry, Thomas J. DiChristina.
|
| 653 |
# |
# |
|a Isolation
|
| 653 |
# |
# |
|a Manganese IV
|
| 653 |
# |
# |
|a Mutagenesis
|
| 653 |
# |
# |
|a Mutation
|
| 653 |
# |
# |
|a Rapid technique
|
| 653 |
# |
# |
|a Shewanella putrefaciens
|
| 700 |
# |
# |
|a DiChristina, Thomas J.
|
| 700 |
# |
# |
|a Mulberry, Michael J.
|
| 773 |
# |
# |
|t Applied and Environmental Microbiology
|g Vol. 64, no. 7 (July 1998), p. 2716-2720
|
| 920 |
# |
# |
|a Phòng Tạp chí -- Trung tâm Thông tin - Thư viện Trường Đại học Đà Lạt
|
| 994 |
# |
# |
|a DLU
|
| 900 |
# |
# |
|a True
|
| 911 |
# |
# |
|a Trương Bảo Trâm Anh
|
| 925 |
# |
# |
|a G
|
| 926 |
# |
# |
|a A
|
| 927 |
# |
# |
|a BB
|
| 980 |
# |
# |
|a Thư viện Trường Đại học Đà Lạt
|